000 00400nam a22001697a 4500
003 CEME
005 20210628205805.0
008 210316b xxu||||| |||| 00| 0 eng d
040 _c.
082 _a891.4391 AMJ
100 _aAmjad Islam Amjad
_99447
245 _aSatwan dar
260 _aLAHORE
_bGORA PUBLISHER
_c1997
300 _a146P
650 _aURDU ADAB-POETRY
_928226
942 _cBK
_2ddc
999 _c582362
_d582362